ბათუმის შოთა რუსთაველის სახელმწიფო უნივერსიტეტის ბიბლიოთეკა

Арифметика дробных чисел и основных величин. (ბიბ.ჩანაწერი № 47906)

000 -LEADER
fixed length control field 00584nam a2200193Ia 4500
001 - CONTROL NUMBER
control field 14783
003 - CONTROL NUMBER IDENTIFIER
control field GE_BSU
008 - FIXED-LENGTH DATA ELEMENTS--GENERAL INFORMATION
fixed length control field 181216s||||||||xx |||||||||||||| ||und||
040 ## - CATALOGING SOURCE
Transcribing agency GE_BSU
080 ## - UNIVERSAL DECIMAL CLASSIFICATION NUMBER
Universal Decimal Classification number 511(075.3)
100 ## - MAIN ENTRY--PERSONAL NAME
Personal name Андронов, И.К.
245 ## - TITLE STATEMENT
Title Арифметика дробных чисел и основных величин.
245 ## - TITLE STATEMENT
Statement of responsibility, etc. Ред. Н.И.Лепешкина.
260 ## - PUBLICATION, DISTRIBUTION, ETC.
Name of publisher, distributor, etc. Госиздат.
260 ## - PUBLICATION, DISTRIBUTION, ETC.
Date of publication, distribution, etc. 1955
300 ## - PHYSICAL DESCRIPTION
Extent 343p;23cm.
653 ## - INDEX TERM--UNCONTROLLED
Uncontrolled term Арифметика дробных чисел и основных величин
942 ## - ADDED ENTRY ELEMENTS (KOHA)
Koha item type წიგნი
ეგზემპლარები
Withdrawn status Lost status Damaged status Not for loan Date acquired Barcode Date last seen Price effective from Koha item type
        2018-12-17 15076 2018-12-17 2018-12-17 წიგნი